Úvod
Strategické riešenia rozvoja poľnohospodárskych podnikov a slovenskej agrárnej politiky v príprave na reformu Spoločnej poľnohospodárskej politiky EÚ, pripravovanej na obdobie 2014-2020.
Salvato in:
| Autore principale: | |
|---|---|
| Natura: | Capitolo di libro |
| Lingua: | slovacco |
| Soggetti: | |
| Tags: |
Nessun Tag, puoi essere il primo ad aggiungerne!!
|
MARC
| LEADER | 00000naa$a2200000$$$4500 | ||
|---|---|---|---|
| 001 | 0134805 | ||
| 005 | 20240502072519.5 | ||
| 041 | 0 | |a slo | |
| 044 | |a SK | ||
| 245 | 1 | 0 | |a Úvod |c Miroslav Grznár |
| 520 | |a Strategické riešenia rozvoja poľnohospodárskych podnikov a slovenskej agrárnej politiky v príprave na reformu Spoločnej poľnohospodárskej politiky EÚ, pripravovanej na obdobie 2014-2020. | ||
| 610 | 2 | 0 | |a Slovensko |
| 610 | 2 | 0 | |a Európska únia |
| 610 | 2 | 0 | |a politika poľnohospodárska |
| 610 | 2 | 0 | |a reformy poľnohospodárske |
| 610 | 2 | 0 | |a agropotravinárstvo |
| 610 | 2 | 0 | |a konkurencia |
| 100 | 1 | |a Grznár, Miroslav | |